Bí mật về sức mạnh huyền thoại của chiến tranh nhân dân Việt Nam

Sparad:
Bibliografiska uppgifter
Huvudupphovsman: PHẠM ĐỨC QUÍ
Materialtyp: Bok
Språk:Undetermined
Publicerad: Cà Mau Mũi Cà Mau 2001
Ämnen:
Taggar: Lägg till en tagg
Inga taggar, Lägg till första taggen!
Thư viện lưu trữ: Trung tâm Học liệu Trường Đại học Cần Thơ
LEADER 00546nam a2200169Ia 4500
001 CTU_47100
008 210402s9999 xx 000 0 und d
082 |a 959.704 
082 |b Qu300 
100 |a PHẠM ĐỨC QUÍ 
245 0 |a Bí mật về sức mạnh huyền thoại của chiến tranh nhân dân Việt Nam 
245 0 |c PHẠM ĐỨC QUÍ 
260 |a Cà Mau 
260 |b Mũi Cà Mau 
260 |c 2001 
650 |a vietnam - history - 1945-1975 
980 |a Trung tâm Học liệu Trường Đại học Cần Thơ